Shah Shafie-o-Shah Abbas (Record no. 423118)

MARC details
000 -LEADER
fixed length control field 00762nam a2200253Ia 4500
003 - CONTROL NUMBER IDENTIFIER
control field OSt
005 - DATE AND TIME OF LATEST TRANSACTION
control field 20220924125638.0
008 - FIXED-LENGTH DATA ELEMENTS--GENERAL INFORMATION
fixed length control field 220923b |||||||| |||| 00| 0 per d
020 ## - INTERNATIONAL STANDARD BOOK NUMBER
International Standard Book Number 9646278833 (hbk)
037 ## - SOURCE OF ACQUISITION
Terms of availability Textual
040 ## - CATALOGING SOURCE
Original cataloging agency ARTS
Transcribing agency ARTS
Language of cataloging per
041 ## - LANGUAGE CODE
Source of code per
Language code of text/sound track or separate title per
100 ## - MAIN ENTRY--PERSONAL NAME
Personal name Asfahani Yusuf Qazvini Au.
9 (RLIN) 198662
245 #0 - TITLE STATEMENT
Title Shah Shafie-o-Shah Abbas
260 ## - PUBLICATION, DISTRIBUTION, ETC.
Place of publication, distribution, etc. Tehran
Name of publisher, distributor, etc. Anjuman asar-o-mufakhaz farhang Iran
Date of publication, distribution, etc. 2003
650 ## - SUBJECT ADDED ENTRY--TOPICAL TERM
Topical term or geographic name entry element IRAN - HISTORY
942 ## - ADDED ENTRY ELEMENTS (KOHA)
Classification part V45.K6, 164P3
Koha item type Textual
Source of classification or shelving scheme Colon Classification (CC)
Holdings
Withdrawn status Lost status Damaged status Not for loan Home library Current library Date acquired Source of acquisition Cost, normal purchase price Total Checkouts Full call number Barcode Date last seen Cost, replacement price Price effective from Koha item type
        Arts Library Arts Library 2022-09-24 10, 16/06/2010, S.H.Qasemi 600.00   V45.K6 164P3 AL1484919 2022-09-24 600.00 2022-09-24 Textual
Copyright @ Delhi University Library System